| 000 | 00989nam a22002657a 4500 | ||
|---|---|---|---|
| 003 | OSt | ||
| 005 | 20260401124647.0 | ||
| 008 | 260401b |||||||| |||| 00| 0 eng d | ||
| 020 | _a9789914552140 | ||
| 040 | _cKENYA LITERATURE BUREU | ||
| 050 |
_aPL 8702 .K4 .K55 2022 _b.K55 2022 |
||
| 100 |
_aMiricho, Mutahi _eauthor. |
||
| 245 |
_aExcelling Kiswahili : _bKitabu cha Mwanafunzi, Gredi ya 10 / _cMiricho Mutahi ... [et al.]. |
||
| 250 | _a1st ed. | ||
| 260 |
_aNairobi, Kenya : _bKenya Literature Bureau, _c2025. |
||
| 300 |
_avi, 186 pages, _billustrations ; _c24.6cm . |
||
| 500 | _aTextbook for Grade 10 Kiswahili in the Kenyan Competency-Based Curriculum (CBC). | ||
| 650 |
_aSwahili language _xStudy and teaching (Secondary) _zKenya. |
||
| 650 |
_aSwahili language _xTextbooks. |
||
| 700 |
_aKea, Pauline, _eauthor. |
||
| 700 |
_aMaina, David Kamau, _eauthor. |
||
| 700 |
_aMutekwa, Florence, _eauthor. |
||
| 700 |
_aLumwamu, Philip, _eauthor. |
||
| 942 |
_2lcc _cBK _e1st ed. _n0 |
||
| 999 |
_c10030 _d10030 |
||